000 00433nam a2200157Ia 4500
008 210716s9999 xx 000 0 und d
020 _a9788126531141
041 _aeng
082 _a519.54 KINB
100 _aKing, Bruce M; Minium, Edward W.
245 _aStatistical reasoning in the behavioral sciences.
250 _a5
260 _aNew Delhi
_bWiley India
300 _axxiii,487
650 _aStatistical Mathematics(519.5)
999 _c206815
_d206815